Do no harm (Record no. 121201)

MARC details
000 -LEADER
fixed length control field 00952nas a22002297a 4500
001 - CONTROL NUMBER
control field K121201
007 - PHYSICAL DESCRIPTION FIXED FIELD--GENERAL INFORMATION
fixed length control field ta
008 - FIXED-LENGTH DATA ELEMENTS--GENERAL INFORMATION
fixed length control field 200210b2020 ||||| |||| 00| 0 eng d
041 ## - LANGUAGE CODE
Language code of text/sound track or separate title eng
100 ## - MAIN ENTRY--PERSONAL NAME
Personal author Bakar Ali, Sharifah
245 ## - TITLE STATEMENT
Title Do no harm
490 ## - SERIES TITLE
Series statement RICS Property Journal
Volume January/February 2020, 24-26(3)
520 ## - ABSTRACT
Abstract Explains the principles behind Shariah-compliant real estate transactions based on the Quran, these being Maslaha (fairness) prohibition of Riba (interest) avoidance of Gharar (uncertainties) and abstention from Haram (unlawful activities) in investments or business. Flow chart illustrates how a Shariah transaction works.
650 ## - KEYWORDS
Keywords Shariah
650 ## - KEYWORDS
Keywords Maslaha
650 ## - KEYWORDS
Keywords Riba
650 ## - KEYWORDS
Keywords Gharar
650 ## - KEYWORDS
Keywords Haram
651 ## - SUBJECT ADDED ENTRY--GEOGRAPHIC NAME
Geographic name International
690 ## - LOCAL SUBJECT ADDED ENTRY--TOPICAL TERM (OCLC, RLIN)
9 (RLIN) 6241
Topical term or geographic name as entry element Finance & taxation
856 ## - ONLINE RESOURCE
Uniform Resource Identifier https://issuu.com/ricsmodus/docs/property_journal_january-february_2020/12
Link text Available free online via Issuu
Holdings
Withdrawn status Lost status Damaged status Not for loan Home library Current library Shelving location Date acquired Total Checkouts Date last seen Price effective from Koha item type
        Virtual Virtual Online 10/02/2020   10/02/2020 10/02/2020 Online material